00535nam a2200145Ia 4500008004100000082002400041100003100065245009800096250000600194260002400200300001100224650002700235952011000262999001700372120622s9999 xx 000 0 und d a345.0253 G643d 1974 aGonzález Blanco, Alberto aDelitos sexuales en la doctrina y en el derecho positivo mexicano / Alberto González Blanco a3 aMéxico : Porrúa a234 p. a1. DELITOS SEXUALESÌ 00104070a01b01d2007-01-25l4o345.0253 G643D 1974p01 005887r2014-10-17s2014-10-17w2012-06-24yLB c55785d55785